000 00755na a2200205 4500
001 23679
003 MIRAKIL
005 20181213155258.0
008 180103b tu 000 0
040 _aMilas
_btur
_cTR-AnCHP
041 _atur
082 _a305.4
_bG26 1994
090 _a305.4 G26 1994
245 _aGAP bölgesinde kadının statüsü ve kalkınma sürecine entegrasyonu araştırması yöneticiler için özet
_cBaşbakanlık GAP Bölge Kalkınma İdaresi Başkanlığı ; proje yöneticisi Ahmet Saltık
260 _aAnkara
_bBaşbakanlık GAP Bölge Kalkınma İdaresi Başkanlığı
_c1994.
300 _a41 s.
_btbl. , şkl.
_c28 sm.
650 _aKadınlar
_xTürkiye
_zGAP Bölgesi
700 _aSaltık, Ahmet
942 _2ddc
_cBKS
999 _c9835
_d9835